Culture Générale - Clic Quiz - La réponse est en image #12 - Statistiques

Statistiques générales
  • Ce quiz a été pris 605 fois
    194 depuis la dernière actualisation
  • Le résultat moyen est 29 sur 40
Statistiques - réponses
Hint Réponse % Correct
Mr Bean
93%
Astérisque
91%
Arobase
91%
Datte
90%
Marmotte
90%
Paragraphe
90%
Valérie Pécresse
89%
Mangue
89%
Papaye
87%
Marque déposée
85%
Coche
84%
Jérémy Ferrari
83%
Rémi Gaillard
83%
Contrebasse
83%
Simone Veil
83%
Christine Lagarde
82%
Jean-Yves Lafesse
80%
Hautbois
80%
Flûte de Pan
79%
Ragondin
79%
Hamster
76%
Vuvuzela
75%
Mathilde Panot
75%
MrBeast
75%
Ardie Savea (Rugby)
72%
Vinicius Junior (Football)
72%
Coing
72%
Sandrine Rousseau
66%
Chinchilla
66%
Gerbille
64%
Patrick Mahomes (Football Américain)
62%
Clairon
62%
Arthur Fils (Tennis)
62%
Manche
59%
Hautes Alpes
54%
Seine-Maritime
50%
Biniam Girmay (Cyclisme sur route)
49%
Feijoa
47%
Tarn
38%
Val d'Oise
36%
Aucun quiz correspondant
Distribution des résultats
% des personnes avec chaque résultat
Percentile par nombre de réponses
Votre historique - résultats
Vous n’avez pas pris ce quiz depuis la dernière actualisation